Vocabulari multilingüe de proteòmica (Registre núm. 68862)
[ vista simple ]
| 000 -LEADER | |
|---|---|
| campo de control de longitud fija | 00881amm a2200277 4500 |
| 007 - CAMPO FIJO DE DESCRIPCIÓN FÍSICA--INFORMACIÓN GENERAL | |
| campo de control de longitud fija | cr |||||||| |
| 008 - DATOS DE LONGITUD FIJA--INFORMACIÓN GENERAL | |
| campo de control de longitud fija | 240213t2022 o | cat d |
| 041 ## - CÓDIGO DE IDIOMA | |
| Código de lengua del texto/banda sonora o título independiente | cat |
| 041 ## - CÓDIGO DE IDIOMA | |
| Llengües tractades | eng |
| 041 ## - CÓDIGO DE IDIOMA | |
| Llengües tractades | spa |
| 245 ## - MENCIÓN DEL TÍTULO | |
| Título | Vocabulari multilingüe de proteòmica |
| Medio | [en línia] |
| Mención de responsabilidad, etc. | Coordinació: Laia Vidal Sabanés |
| 260 ## - PUBLICACIÓN, DISTRIBUCIÓN, ETC. | |
| Lugar de publicación, distribución, etc. | Barcelona |
| Nombre del editor, distribuidor, etc. | Universitat Pompeu Fabra. Institut Universitari de Lingüística Aplicada |
| Fecha de publicación, distribución, etc. | 2022 |
| 490 ## - MENCIÓN DE SERIE | |
| Mención de serie | Materials; |
| Designación de volumen o secuencia | 15 |
| 500 ## - NOTA GENERAL | |
| Nota general | Categoria gramatical, remissions, sinònims, arbre de camp |
| 520 ## - RESUMEN, ETC. | |
| Nombre de termes | 162 |
| 546 ## - NOTA DE IDIOMA | |
| Llengua de les definicions | català |
| 592 ## - Tipus obra | |
| Tipus d'obra | Obra terminològica |
| 593 ## - Codi CGAT | |
| Codi de la CGAT | DAM |
| 650 #0 - PUNTO DE ACCESO ADICIONAL DE MATERIA--TÉRMINO DE MATERIA | |
| Término de materia o nombre geográfico como elemento de entrada | biologia molecular |
| 9 (RLIN) | 62055 |
| 650 #0 - PUNTO DE ACCESO ADICIONAL DE MATERIA--TÉRMINO DE MATERIA | |
| Término de materia o nombre geográfico como elemento de entrada | proteòmica |
| 9 (RLIN) | 75498 |
| 700 ## - ENTRADA AGREGADA--NOMBRE PERSONAL | |
| 9 (RLIN) | 74917 |
| Nombre de persona | Vidal Sabanés, Laia |
| 830 ## - PUNTO DE ACCESO ADICIONAL DE SERIE-TÍTULO UNIFORME | |
| Título uniforme | Materials; |
| Designación de volumen o secuencia | 15 |
| 9 (RLIN) | 62416 |
| 856 ## - LOCALIZACIÓN Y ACCESO ELECTRÓNICOS | |
| Identificador Uniforme de Recursos | <a href="http://iula.upf.edu/rec/vbproteomica/index.html">http://iula.upf.edu/rec/vbproteomica/index.html</a> |
| 902 ## - ELEMENTOS DE DATOS B LOCAL, LDB (RLIN) | |
| a | 080106 |
| 942 ## - ELEMENTOS DE ENTRADA SECUNDARIOS (KOHA) | |
| Tipo de ítem Koha | Monografia |
| Suprimir en OPAC | No |
| Fuente del sistema de clasificación o colocación | Clasificación Decimal Dewey |
| Estatus retirado | Estado de pérdida | Estado de daño | No para préstamo | Biblioteca de origen | Biblioteca actual | Fecha de adquisición | Total de préstamos | Código de barras | Visto por última vez | Identificador Uniforme de Recursos | Precio de reemplazo | Tipo de ítem Koha |
|---|---|---|---|---|---|---|---|---|---|---|---|---|
| TERMCAT | TERMCAT | 13/02/2024 | P_68987 | 13/02/2024 | http://iula.upf.edu/rec/vbproteomica/index.html | 13/02/2024 | MO |